Представление документа в формате RUSMARC

ПолеНазваниеЗначение
  Тип записи a
  Библиографический уровень m
001 Контрольный номер RU/SLIB/B/208715973
005 Дата корректировки 20250110143849.0
010 Индекс ISBN __
d Цена 0-97
101 Язык документа 0_
a Язык текста rus
200 Заглавие и сведения об ответственности 1_
a Заглавие Байкал - море синее
e Сведения, относящиеся к заглавию для сред. и ст. шк. возраста
f Первые сведения об ответственности Дроздов Г. Н.
b Общее обозначение материала Текст
210 Выходные данные 1_
a Место издания М.
c Издательство Дет. лит.
d Дата издания 1972
215 Физическое описание __
a Объем 190 с.
c Иллюстрации/тип воспроизводства ил.
606 Тематические рубрики __
a Основная рубрика География
606 Тематические рубрики __
a Основная рубрика Страноведение
y Географическая подрубрика Байкал; Россия; СССР
610 Ключевые слова 0_
a Ключевые слова озера; природа; водоемы; пресная вода; растения; животные; детская литература; познавательная литература
686 Индексы других классификаций __
a Классификационный индекс 26.89(253)
a Классификационный индекс 26.222.6; ст26.89(253) + ст26.222.6
700 Автор _1
a Фамилия Дроздов
b Имя Г. Н.
4 Код отношения 070
801 Источник записи _0
a Страна RU
b Организация Муниципальное бюджетное учреждение культуры "Централизованная библиотечная система" г. Сургут (Центральная городская библиотека им. А. С. Пушкина)
g Правила каталогизации К/Кундохова
801 Источник записи _1
a Страна RU
b Организация Муниципальное бюджетное учреждение культуры "Централизованная библиотечная система" г. Сургут (Центральная городская библиотека им. А. С. Пушкина)
g Правила каталогизации К/Кундохова
852 Данные о местонахождении __
j Шифр хранения 26.89(253)
c Каталожный индекс 26.89(253); 26.222.6
i Авторский знак Д 75
p Инвентарный номер 4254(д); 526(с4)
901 Тип документа __
t Тип документа m
990 Данные о заказе (DOS) __
j Количество экземпляров (DOS) 2